The everyday violence of hepatitis C among young women who inject drugs in San Francisco (Record no. 62697)

000 -LEADER
fixed length control field 00521pab a2200193 454500
008 - FIXED-LENGTH DATA ELEMENTS--GENERAL INFORMATION
fixed length control field 180718b2004 xxu||||| |||| 00| 0 eng d
100 ## - MAIN ENTRY--PERSONAL NAME
Personal name Bourgois, Philippe
245 ## - TITLE STATEMENT
Title The everyday violence of hepatitis C among young women who inject drugs in San Francisco
260 ## - PUBLICATION, DISTRIBUTION, ETC.
Date of publication, distribution, etc. 2004
300 ## - PHYSICAL DESCRIPTION
Extent p.253-64.
362 ## - DATES OF PUBLICATION AND/OR SEQUENTIAL DESIGNATION
Dates of publication and/or sequential designation Fall
650 ## - SUBJECT ADDED ENTRY--TOPICAL TERM
Topical term or geographic name entry element Drugs
650 ## - SUBJECT ADDED ENTRY--TOPICAL TERM
Topical term or geographic name entry element Hepatitisc
650 ## - SUBJECT ADDED ENTRY--TOPICAL TERM
Topical term or geographic name entry element Womens health services
700 ## - ADDED ENTRY--PERSONAL NAME
Personal name Moss, Andrew
700 ## - ADDED ENTRY--PERSONAL NAME
Personal name Prince, Bridget
773 ## - HOST ITEM ENTRY
Main entry heading Human Organization
909 ## -
-- 62697
Holdings
Withdrawn status Lost status Damaged status Not for loan Permanent Location Current Location Date acquired Serial Enumeration / chronology Barcode Date last seen Price effective from Koha item type
        Indian Institute of Public Administration Indian Institute of Public Administration 2018-07-19 Volume no: 63, Issue no: 3 AR63147 2018-07-19 2018-07-19 Articles

Powered by Koha